Movies Quiz

Random Movies or Disney Quiz
Score 0/20 Timer 17:00
0 Plays Today
Hint Answer % Correct
Aladdin
93.9%
Atlantis
23.2%
Aristocrats
17.1%
Alice and Wonderland
12.2%
Avengers
6.1%
Ant-Man
4.9%
Adventures in Babysitting
4.9%
Air-Bud
4.9%
Alexander and the Terrible, Horrible, No Good, Very Bad Day
4.9%
Aliens of the Deep
4.9%
Hint Answer % Correct
Almost Angels
4.9%
Angels in the Outfield
4.9%
Annie
4.9%
America's Heart and Soul
3.7%
Around the World in 80 Days
3.7%
African Cats
2.4%
American Legends
2.4%
Angels in the Infield
2.4%
Atta Girl Kelly
2.4%
Austin and Ally
2.4%
Remove Ads.
Support Sporcle.
Get the best of Sporcle when you Go Orange. This ad-free experience offers more features, more stats, and more fun while also helping to support Sporcle. Thank you for becoming a member.

You're not logged in!

Compare scores with friends on all Sporcle quizzes.
OR
Log In

Show Comments

Extras

Created Aug 1, 2016ReportNominate
Tags:Disney Quiz, start

Top Quizzes Today


Score Distribution

Your Account Isn't Verified!

In order to create a playlist on Sporcle, you need to verify the email address you used during registration. Go to your Sporcle Settings to finish the process.

Report this User

Report this user for behavior that violates our Community Guidelines.

Details: